[Event "Reykjavik Open 2024"]
[Site "Reykjavik ISL"]
[Date "2024.03.16"]
[Round "2.67"]
[White "Jonsson, Johann"]
[Black "Reimer, Philip"]
[Result "0-1"]
[WhiteElo "1875"]
[BlackElo "2095"]
[WhiteFideId "2321688"]
[BlackFideId "16235860"]
[EventDate "2024.03.15"]

1. e4 c5 2. Nc3 Nc6 3. f4 g6 4. Nf3 Bg7 5. Bc4 e6 6. d3 Nge7 7. O-O O-O 8. Qe1
d5 9. Bb3 Nd4 10. Nxd4 cxd4 11. Ne2 dxe4 12. dxe4 b5 13. Ng3 a5 14. a4 b4 15. f5
Nc6 16. Bf4 d3 17. Rd1 Qd4+ 18. Rf2 Qxb2 19. Rxd3 Ne5 20. Rd6 Ng4 21. Rf3 Be5
22. Bxe5 Qxe5 23. Qd2 exf5 24. exf5 Bb7 25. Rf1 Qc5+ 26. Qd4 Qxd4+ 27. Rxd4 Ne3
28. Re1 Nxf5 29. Nxf5 gxf5 30. Re7 Bc6 31. Rd6 Rac8 32. Rf6 Be4 33. Rfxf7 Rxf7
34. Rxf7 Kh8 35. Ra7 Bxc2 36. Bxc2 Rxc2 37. Rxa5 b3 0-1

[Event "Reykjavik Open 2024"]
[Site "Reykjavik ISL"]
[Date "2024.03.16"]
[Round "2.69"]
[White "Fanos, Haralambos"]
[Black "Sivanandan, Bodhana"]
[Result "1/2-1/2"]
[BlackTitle "WCM"]
[WhiteElo "1872"]
[BlackElo "2088"]
[WhiteFideId "4249208"]
[BlackFideId "497592"]
[EventDate "2024.03.15"]

1. c4 c6 2. Nc3 d5 3. d4 Nf6 4. Nf3 e6 5. Bg5 Nbd7 6. e3 Qa5 7. Nd2 Bb4 8. Qc2
dxc4 9. Bxf6 Nxf6 10. Bxc4 O-O 11. O-O Qc7 12. a3 Bd6 13. Nf3 b6 14. e4 e5 15.
d5 cxd5 16. Nb5 Qxc4 17. Qxc4 dxc4 18. Nxd6 Rd8 19. Nxc4 Nxe4 20. Ncxe5 Be6 21.
Rac1 Nc5 22. b4 Nd3 23. Rc7 Nxe5 24. Nxe5 f6 25. Nc6 Rd7 26. Rxd7 Bxd7 27. Rc1
Bxc6 28. Rxc6 Rd8 29. g3 Rd7 30. Kf1 Kf7 31. Ke2 Kg6 32. Ke3 Kf5 33. Rc4 h5 34.
a4 g5 35. h4 Re7+ 36. Kd3 Re6 37. f3 Rd6+ 38. Ke3 a6 39. g4+ Kg6 40. gxh5+ Kxh5
41. hxg5 Kxg5 42. Ke4 f5+ 43. Ke5 Rd3 44. Rc6 b5 45. axb5 axb5 46. f4+ Kg4 47.
Rg6+ Kf3 48. Rb6 Kg4 49. Rxb5 Re3+ 50. Kf6 Re4 51. Rb8 Rxf4 52. Rg8+ Kf3 53. b5
Rb4 54. Rg5 f4 55. Ke6 Ke3 56. Kd6 f3 57. Rf5 f2 58. Rxf2 Kxf2 59. Kc5 Rb2 60.
b6 Ke3 61. Kc6 Rc2+ 62. Kd7 Kd4 63. b7 Rb2 64. Kc7 Kc5 65. b8=Q Rxb8 66. Kxb8 1/2-1/2

[Event "Reykjavik Open 2024"]
[Site "Reykjavik ISL"]
[Date "2024.03.16"]
[Round "2.70"]
[White "Jaksland, Tim"]
[Black "Tinkler, Paul"]
[Result "1/2-1/2"]
[WhiteTitle "FM"]
[WhiteElo "2076"]
[BlackElo "1872"]
[WhiteFideId "1401084"]
[BlackFideId "30961289"]
[EventDate "2024.03.15"]

1. e4 e6 2. d4 d5 3. exd5 exd5 4. Nf3 Bd6 5. c4 c6 6. Nc3 Ne7 7. Bd3 dxc4 8.
Bxc4 O-O 9. O-O Bg4 10. h3 Bh5 11. g4 Bg6 12. Ne5 Nd7 13. f4 Nxe5 14. dxe5 Bc5+
15. Kg2 h6 16. f5 Bh7 17. Bf4 b5 18. Bb3 Qb6 19. Qe2 Rfd8 20. Rad1 a5 21. a3
Rxd1 22. Rxd1 Rd8 23. Be3 Bxe3 24. Qxe3 Qb8 25. Qa7 Re8 26. Qxb8 Rxb8 27. Rd7
Kf8 28. f6 gxf6 29. exf6 Nd5 30. Nxd5 Be4+ 31. Kg3 cxd5 32. Bxd5 Bxd5 33. Rxd5
Kg8 34. Kf4 a4 35. Rd4 Kh7 36. Kf5 Rb7 37. Rb4 Rb6 38. b3 axb3 39. Rxb3 Ra6 40.
h4 Ra5 41. Rb4 Rxa3 42. Rxb5 Rf3+ 43. Ke5 Kg6 44. Rb8 Re3+ 45. Kf4 Re1 46. g5
hxg5+ 47. hxg5 Rf1+ 48. Kg4 Rg1+ 49. Kf4 Rf1+ 50. Kg4 Rg1+ 51. Kf4 1/2-1/2

[Event "Reykjavik Open 2024"]
[Site "Reykjavik ISL"]
[Date "2024.03.16"]
[Round "2.71"]
[White "Manenschijn, Wouter"]
[Black "Barthel, Ansgar"]
[Result "0-1"]
[WhiteElo "1864"]
[BlackElo "2073"]
[WhiteFideId "1043366"]
[BlackFideId "4643461"]
[EventDate "2024.03.15"]

1. e4 Nf6 2. e5 Nd5 3. d4 d6 4. c4 Nb6 5. f4 dxe5 6. fxe5 Nc6 7. Be3 Bf5 8. Nc3
e6 9. Nf3 Bb4 10. Be2 Na5 11. O-O Naxc4 12. Bxc4 Nxc4 13. Qa4+ Qd7 14. Qxb4 Nxe3
15. Qxb7 O-O 16. Rf2 Rfb8 17. Qa6 Nc2 18. Rd1 Rxb2 19. Nh4 Ne3 20. Rxb2 Nxd1 21.
Qxa7 Qd8 0-1

[Event "Reykjavik Open 2024"]
[Site "Reykjavik ISL"]
[Date "2024.03.16"]
[Round "2.72"]
[White "Schroer, Marcel"]
[Black "Hauksdottir, Hrund"]
[Result "0-1"]
[WhiteElo "2073"]
[BlackElo "1859"]
[WhiteFideId "1012908"]
[BlackFideId "2302608"]
[EventDate "2024.03.15"]

1. d4 d5 2. c4 c6 3. Nc3 Nf6 4. e3 e6 5. Nf3 Nbd7 6. Be2 Bd6 7. O-O dxc4 8. e4
e5 9. Bxc4 b5 10. Bb3 O-O 11. Be3 a6 12. a4 Bb7 13. dxe5 Nxe5 14. Nxe5 Bxe5 15.
Qc2 Ng4 16. Qe2 Bxh2+ 17. Kh1 Qh4 18. Qxg4 Qxg4 19. Kxh2 b4 0-1

[Event "Reykjavik Open 2024"]
[Site "Reykjavik ISL"]
[Date "2024.03.16"]
[Round "2.73"]
[White "Smith, Alexander"]
[Black "Halldorsson, Bragi"]
[Result "1/2-1/2"]
[WhiteElo "1857"]
[BlackElo "2056"]
[WhiteFideId "30996910"]
[BlackFideId "2300907"]
[EventDate "2024.03.15"]

1. e4 c6 2. d4 d5 3. e5 Bf5 4. Nf3 e6 5. Be2 c5 6. Be3 Nd7 7. O-O Ne7 8. dxc5
Nc6 9. c4 dxc4 10. Qa4 Bxc5 11. Bxc5 Nxc5 12. Qxc4 Qb6 13. Rc1 Nd7 14. Qc3 O-O
15. Na3 Rfd8 16. Nc4 Qc5 17. a3 Be4 18. b4 Qe7 19. Qe3 Bd5 20. b5 Ncb8 21. Na5
b6 22. Nb3 Bxb3 23. Qxb3 Nc5 24. Qe3 a5 25. Nd4 Ra7 26. Rab1 Rc7 27. g3 f6 28.
Bc4 Re8 29. Re1 Nbd7 30. exf6 Qxf6 31. Nxe6 Nxe6 32. Bxe6+ Kf8 33. Qf4 Qxf4 34.
gxf4 Nc5 35. Bf5 g6 36. Rxe8+ Kxe8 37. Bc2 Rf7 38. Re1+ Kd7 39. f5 Kd6 40. fxg6
hxg6 41. Re3 Rf4 42. Bxg6 Ne6 43. Bc2 Nd4 44. Bd1 Nxb5 45. Kg2 Nc7 46. Kg3 Rf6
47. h4 Nd5 48. Rd3 Rg6+ 49. Bg4 Ke5 50. h5 Rf6 51. Bf3 Ne7 52. Re3+ Kd6 53. Kg4
b5 54. Kg5 Rf5+ 55. Kh6 b4 56. axb4 axb4 57. Bg4 Rf7 58. Re6+ Kd5 59. f3 Nf5+
60. Bxf5 Rxf5 61. Re4 Kc5 62. Re3 Kd4 63. Rb3 1/2-1/2

[Event "Reykjavik Open 2024"]
[Site "Reykjavik ISL"]
[Date "2024.03.16"]
[Round "2.74"]
[White "Wehding, Anton Bonsvig"]
[Black "Abbott, James"]
[Result "1-0"]
[WhiteElo "2056"]
[BlackElo "1852"]
[WhiteFideId "1463217"]
[BlackFideId "2078082"]
[EventDate "2024.03.15"]

1. c4 g6 2. g3 Bg7 3. Bg2 c6 4. Nf3 Nf6 5. O-O O-O 6. e3 d5 7. b3 dxc4 8. bxc4
Bg4 9. Bb2 Qb6 10. Qc1 Na6 11. d4 Nb4 12. c5 Qa6 13. Qd2 Nd3 14. Rd1 Nxb2 15.
Qxb2 Rab8 16. h3 Bf5 17. a4 Qa5 18. Nc3 Ne4 19. Rac1 Rfd8 20. Qb3 Be6 21. Qb2
Nxc3 22. Rxc3 Bd5 23. Nd2 Bxg2 24. Kxg2 b5 25. axb5 Rxb5 26. Qc2 Rdb8 27. Nc4
Qd8 28. Ra3 Rb4 29. Na5 Rb2 30. Qe4 e5 31. Nxc6 Qf6 32. Rf1 Rc8 33. d5 Bf8 34.
d6 Qe6 35. Rxa7 f5 36. Qxe5 Qxe5 37. Nxe5 Rxc5 38. Nd7 1-0

[Event "Reykjavik Open 2024"]
[Site "Reykjavik ISL"]
[Date "2024.03.16"]
[Round "2.75"]
[White "Skarphedinsson, Ingvar Wu"]
[Black "Helgadottir, Idunn"]
[Result "1-0"]
[WhiteElo "2049"]
[BlackElo "1849"]
[WhiteFideId "2316943"]
[BlackFideId "2314118"]
[EventDate "2024.03.15"]

1. d4 Nf6 2. c4 e6 3. g3 d5 4. Bg2 c6 5. Nf3 Be7 6. O-O O-O 7. Qc2 Nbd7 8. Nbd2
b6 9. e4 dxe4 10. Nxe4 Bb7 11. Nxf6+ Nxf6 12. Bd2 Qc8 13. Ne5 c5 14. d5 exd5 15.
cxd5 Re8 16. Nc4 Qd7 17. Bf4 Rad8 18. Ne5 Qc8 19. Nc6 Nxd5 20. Nxd8 Rxd8 21. Qe2
Bf6 22. Rad1 Nxf4 23. Rxd8+ Qxd8 24. gxf4 Bxg2 25. Kxg2 h6 26. Rd1 Qc7 27. Qe8+
Kh7 28. Qe4+ Kg8 29. b3 Qc8 30. h3 Bd4 31. Re1 Qb8 32. Kf3 Qd6 33. Qe8+ Qf8 34.
Qd7 Qa8+ 35. Kg3 Kh7 36. Re8 Qh1 37. Qf5+ 1-0

[Event "Reykjavik Open 2024"]
[Site "Reykjavik ISL"]
[Date "2024.03.16"]
[Round "2.76"]
[White "Brackmann, Hendrik"]
[Black "Jonsson, Olafur Gisli"]
[Result "1-0"]
[WhiteElo "2037"]
[BlackElo "1849"]
[WhiteFideId "12905135"]
[BlackFideId "2302705"]
[EventDate "2024.03.15"]

1. e4 e5 2. Nf3 Nc6 3. Bc4 Bc5 4. c3 Nf6 5. d4 exd4 6. b4 Be7 7. b5 Na5 8. Bd3
d5 9. e5 Ne4 10. cxd4 O-O 11. O-O Bg4 12. Qe1 c5 13. Nfd2 Nxd2 14. Bxd2 Nc4 15.
Bc3 Rc8 16. Nd2 Bh5 17. Nxc4 dxc4 18. Bf5 Rc7 19. Qe4 Bg6 20. Bxg6 hxg6 21. d5
Rd7 22. Rad1 Re8 23. Qxc4 Bf8 24. Rd3 b6 25. Rfd1 Qg5 26. e6 fxe6 27. dxe6 Rde7
28. Re3 Qf5 29. h3 g5 30. Rde1 Kh7 31. Re5 Qf4 32. Qd5 Qf6 33. Bd2 1-0

[Event "Reykjavik Open 2024"]
[Site "Reykjavik ISL"]
[Date "2024.03.16"]
[Round "2.77"]
[White "Demir, Hilmi Mustafa"]
[Black "Paasikangas, Johanna"]
[Result "1/2-1/2"]
[BlackTitle "FM"]
[WhiteElo "1842"]
[BlackElo "2046"]
[WhiteFideId "6303099"]
[BlackFideId "500879"]
[EventDate "2024.03.15"]

1. e4 c5 2. Nf3 d6 3. d4 cxd4 4. Nxd4 Nf6 5. Nc3 a6 6. Bg5 h6 7. Bxf6 gxf6 8.
Bc4 h5 9. O-O Nc6 10. Kh1 e6 11. f4 Qb6 12. Nb3 Bd7 13. a4 Na5 14. Nxa5 Qxa5 15.
f5 Be7 16. Qd4 Rc8 17. Bb3 Qc5 18. Qd3 Qe5 19. Rae1 Kd8 20. Ne2 Rg8 21. Nd4 Kc7
22. Nf3 Qa5 23. Nd4 Qe5 24. Nf3 Qxb2 25. Bd5 Kd8 26. Bb3 Rg7 27. fxe6 fxe6 28.
Nd4 e5 29. Nf5 Bxf5 30. Rxf5 Qc3 31. Qxc3 Rxc3 32. Rxh5 Kd7 33. g3 Bd8 34. Kg2
Bb6 35. Rf5 Rg6 36. Re2 Rh6 37. Bd5 Kc8 38. Bb3 Bd8 39. Be6+ Kc7 40. Bb3 Rc5 41.
Rd2 Be7 42. Kf3 b5 1/2-1/2

[Event "Reykjavik Open 2024"]
[Site "Reykjavik ISL"]
[Date "2024.03.16"]
[Round "2.78"]
[White "Reynaud, Frederic"]
[Black "Heidarsson, Arnar Milutin"]
[Result "0-1"]
[WhiteElo "1840"]
[BlackElo "2037"]
[WhiteFideId "2624338"]
[BlackFideId "2312875"]
[EventDate "2024.03.15"]

1. d4 Nf6 2. Nf3 d5 3. Bf4 c5 4. e3 Nc6 5. Nc3 a6 6. dxc5 Bg4 7. Be2 e6 8. Na4
Bxc5 9. Nxc5 Qa5+ 10. c3 Qxc5 11. h3 Bxf3 12. Bxf3 h6 13. O-O O-O 14. Rc1 Rad8
15. Qc2 e5 16. Bg3 b5 17. Rfd1 Qe7 18. a4 Na5 19. axb5 axb5 20. Ra1 Nc6 21. Qb3
Qc5 22. Be2 Rb8 23. Qa3 Qb6 24. Qa6 Rfd8 25. Qxb6 Rxb6 26. Ra3 Ne4 27. Bh2 b4
28. Ra6 Rxa6 29. Bxa6 bxc3 30. bxc3 Nxc3 31. Rc1 d4 32. Bxe5 Nxe5 33. exd4 Na2
34. Ra1 Nb4 35. dxe5 Ra8 36. Rb1 Nxa6 37. f4 Nc5 38. Kf2 Ra2+ 39. Kf3 Ra3+ 40.
Kg4 g6 41. Re1 Kg7 42. Re2 Ne6 43. Rd2 h5+ 44. Kh4 Nxf4 45. g3 Ne6 0-1

[Event "Reykjavik Open 2024"]
[Site "Reykjavik ISL"]
[Date "2024.03.16"]
[Round "2.79"]
[White "Dhruv Rattan"]
[Black "Krassel, Timofei"]
[Result "0-1"]
[WhiteElo "1831"]
[BlackElo "2035"]
[WhiteFideId "45007993"]
[BlackFideId "55733948"]
[EventDate "2024.03.15"]

1. e4 c6 2. d4 d5 3. exd5 cxd5 4. Bd3 Nc6 5. c3 g6 6. Nf3 Bf5 7. Bxf5 gxf5 8. c4
dxc4 9. d5 Qa5+ 10. Nc3 Nb4 11. Ne5 Bg7 12. Bf4 Bxe5 13. Bxe5 Nd3+ 14. Ke2 Nxe5
15. Qd4 f6 16. f4 Nf7 17. Rhe1 Qb6 18. Qxc4 Ngh6 19. Kf3 Ng4 20. Re2 Nge5+ 21.
fxe5 Nxe5+ 22. Rxe5 fxe5 23. Qa4+ Kf7 24. Qc2 Qg6 25. Rf1 Rhg8 26. g3 Kg7 27.
Kg2 Raf8 28. Qe2 Qf6 29. Qf2 b6 30. Nb5 Kh8 31. a4 f4 32. Nxa7 Qg6 33. Qe1 Qg7
34. Nc6 fxg3 35. hxg3 Rxf1 36. Kxf1 Qf7+ 37. Qf2 Qxf2+ 38. Kxf2 Kg7 39. Nxe7 Rd8
40. d6 Kf6 41. Nd5+ Kf5 42. Ne3+ Ke4 43. Nc4 Kd4 44. Nxb6 Rxd6 45. a5 Kd3 46.
Na4 Rc6 47. a6 Rf6+ 48. Ke1 Kd4 49. a7 Ra6 50. Nc3 Kc4 51. Ke2 Rxa7 52. Ke3 Rb7
53. Nd1 Kd5 54. Nc3+ Ke6 55. Na4 Rb3+ 56. Kf2 Kf5 57. Kg2 Kg4 58. Kf2 Rxg3 59.
Nc5 Rf3+ 60. Ke2 h5 61. Nd7 Rf5 62. Nb6 h4 63. Nc4 Kf4 64. Ne3 Rf8 65. Nf1 Rb8 0-1

[Event "Reykjavik Open 2024"]
[Site "Reykjavik ISL"]
[Date "2024.03.16"]
[Round "2.80"]
[White "Kolka, David"]
[Black "Chilton, James I"]
[Result "1-0"]
[WhiteElo "2030"]
[BlackElo "1823"]
[WhiteFideId "2308010"]
[BlackFideId "423009"]
[EventDate "2024.03.15"]

1. e4 c5 2. c3 e6 3. d4 cxd4 4. cxd4 Bb4+ 5. Nc3 Nf6 6. Bd3 Nc6 7. Ne2 d5 8.
exd5 Nxd5 9. O-O O-O 10. a3 Bd6 11. Nxd5 exd5 12. Be3 Be6 13. Qd2 Na5 14. Rad1
Rc8 15. Nf4 Nb3 16. Qe2 Qf6 17. Bxh7+ Kxh7 18. Nxe6 fxe6 19. Qd3+ Qf5 20. Qxb3
Qh5 21. g3 Rf3 22. Rd3 Rcf8 23. Bd2 b6 24. Kg2 R3f5 25. f3 g5 26. Bb4 Bxb4 27.
Qxb4 g4 28. Qc3 Qh3+ 29. Kg1 Kg6 30. f4 R8f7 31. Re3 Kf6 32. Rfe1 Re7 33. Qc8 e5
34. Rxe5 Rexe5 35. dxe5+ Kg6 36. Qe6+ 1-0

[Event "Reykjavik Open 2024"]
[Site "Reykjavik ISL"]
[Date "2024.03.16"]
[Round "2.81"]
[White "Franco, Gaston"]
[Black "Nicholson, Devin"]
[Result "1-0"]
[WhiteElo "2021"]
[BlackElo "1822"]
[WhiteFideId "117722"]
[BlackFideId "2645394"]
[EventDate "2024.03.15"]

1. e4 c5 2. Nf3 d6 3. d4 cxd4 4. Nxd4 Nf6 5. Nc3 a6 6. Bc4 e6 7. Bb3 b5 8. O-O
Be7 9. Qf3 Qb6 10. Be3 Qb7 11. a3 Nbd7 12. Qg3 Nxe4 13. Qxg7 Bf6 14. Qh6 Nxc3
15. bxc3 Qe4 16. a4 bxa4 17. Bxa4 Bb7 18. f3 Qg6 19. Qxg6 hxg6 20. Rfb1 Bc8 21.
Bc6 Ra7 22. Nb5 axb5 23. Rxa7 Bxc3 24. Rxb5 Kd8 25. Bxd7 Bxd7 26. Rbb7 Bc8 1-0

[Event "Reykjavik Open 2024"]
[Site "Reykjavik ISL"]
[Date "2024.03.16"]
[Round "2.82"]
[White "Geirsson, Kristjan"]
[Black "Van Veenendaal, Elmer"]
[Result "0-1"]
[WhiteElo "1819"]
[BlackElo "2027"]
[WhiteFideId "2313596"]
[BlackFideId "1026801"]
[EventDate "2024.03.15"]

1. e4 g6 2. d4 Bg7 3. Nf3 d6 4. Be3 a6 5. h3 b5 6. Bd3 Bb7 7. Nbd2 Nd7 8. O-O
Ngf6 9. c3 c5 10. a4 c4 11. Bc2 O-O 12. Qe2 Qc7 13. d5 Nc5 14. axb5 axb5 15. Nd4
Qd7 16. b4 cxb3 17. N4xb3 Na4 18. Qd3 Rfc8 19. Bd4 Nh5 20. Bxg7 Kxg7 21. Qd4+
Kg8 22. c4 Nf4 23. Rfe1 e5 24. dxe6 Nxe6 25. Qe3 bxc4 26. Nd4 c3 27. Nb1 Nec5
28. Ra3 Re8 29. Bxa4 Rxa4 30. Rxa4 Rxe4 31. Qxc3 Qxa4 0-1

[Event "Reykjavik Open 2024"]
[Site "Reykjavik ISL"]
[Date "2024.03.16"]
[Round "2.83"]
[White "Bertola, Georges"]
[Black "Oskarsson, Markus Orri"]
[Result "1/2-1/2"]
[WhiteElo "2010"]
[BlackElo "1816"]
[WhiteFideId "1307967"]
[BlackFideId "2320118"]
[EventDate "2024.03.15"]

1. e4 c5 2. Nf3 d6 3. Bb5+ Bd7 4. Qe2 Bxb5 5. Qxb5+ Qd7 6. Qe2 Nc6 7. c3 e5 8.
O-O g6 9. Rd1 Bg7 10. Na3 Nge7 11. Nc2 O-O 12. d4 cxd4 13. cxd4 exd4 14. Ncxd4
Nxd4 15. Nxd4 d5 16. Bf4 dxe4 17. Qxe4 Nc6 18. Nxc6 Qxc6 19. Qxc6 bxc6 20. Rac1 1/2-1/2

[Event "Reykjavik Open 2024"]
[Site "Reykjavik ISL"]
[Date "2024.03.16"]
[Round "2.84"]
[White "Gudmundsson, Gunnar Erik"]
[Black "Magnusdottir, Veronika Steinunn"]
[Result "0-1"]
[WhiteElo "2009"]
[BlackElo "1812"]
[WhiteFideId "2314339"]
[BlackFideId "2309114"]
[EventDate "2024.03.15"]

1. d4 d5 2. c4 c6 3. cxd5 cxd5 4. Bf4 Nf6 5. e3 e6 6. Nc3 a6 7. Bd3 Nc6 8. Nge2
Bb4 9. O-O O-O 10. Rc1 Bd7 11. Na4 Rc8 12. a3 Be7 13. b4 Nh5 14. Nc5 Nxf4 15.
Nxf4 Rc7 16. Qd2 Bd6 17. Be2 Qh4 18. g3 Qg5 19. Nfd3 Nxd4 20. Bd1 Nf5 21. Qb2
Bb5 22. a4 Bc4 23. Bb3 Bxc5 24. Nxc5 Bxf1 25. Rxf1 Rd8 26. Qe5 Rdc8 27. e4 Nh4
28. Qxg5 Nf3+ 29. Kg2 Nxg5 30. exd5 exd5 31. Bxd5 a5 32. Bxb7 Rb8 33. Bd5 Rd8
34. Na6 Ra7 35. Bc4 axb4 36. Bb5 b3 37. Rb1 Ne6 38. Rxb3 Nd4 39. Rd3 Raa8 40.
Nc7 Nxb5 41. Rxd8+ Rxd8 42. axb5 Rd2 43. Kf3 Kf8 44. Ke3 Rd6 45. Ke4 Ke7 46. f4
g6 47. g4 Kd7 48. Nd5 Re6+ 49. Kd4 Kd6 50. Nb6 Kc7 51. Nc4 Re2 52. h3 f6 53. Kc5
Rh2 54. b6+ Kb8 55. Kd6 Rxh3 56. Ke6 h5 57. gxh5 gxh5 58. Kxf6 Rc3 59. Ne5 h4
60. Ng4 h3 61. f5 Rg3 62. Nf2 h2 63. Ke6 Rf3 64. Nh1 Rf1 65. Ng3 Rg1 66. f6 Rxg3
67. f7 Rf3 0-1

[Event "Reykjavik Open 2024"]
[Site "Reykjavik ISL"]
[Date "2024.03.16"]
[Round "2.85"]
[White "Kristinsson, Magnus"]
[Black "Erlbeck, Peter"]
[Result "0-1"]
[WhiteElo "1810"]
[BlackElo "2014"]
[WhiteFideId "2305682"]
[BlackFideId "4642910"]
[EventDate "2024.03.15"]

1. e4 c5 2. Nf3 Nc6 3. d4 cxd4 4. Nxd4 Nf6 5. Nc3 e6 6. Bg5 Be7 7. Bc4 Nxe4 8.
Nxe4 Bxg5 9. Nd6+ Kf8 10. Ne2 Be7 11. c3 a6 12. Bb3 Qc7 13. Nxc8 Rxc8 14. O-O g6
15. Ng3 h5 16. Qd2 h4 17. Ne4 h3 18. g3 d5 19. Ng5 Bxg5 20. Qxg5 Qe5 21. Qd2 Kg7
22. Rae1 Qf6 23. f4 d4 24. Rf3 dxc3 25. bxc3 Qf5 26. Rd3 Qc5+ 27. Kf1 Rhd8 28.
Ree3 Rxd3 29. Rxd3 Na5 30. Bc2 Nc4 31. Qf2 Nb2 32. Qxc5 Rxc5 33. Rf3 Nc4 34. Ke2
e5 35. f5 Nd6 36. fxg6 fxg6 37. Rd3 Nb5 38. Rd7+ Kf6 39. Rxb7 Nxc3+ 40. Kd3 Nd5
41. Bb3 Kf5 42. Rh7 Nb4+ 43. Kd2 Nc6 44. Rxh3 Nd4 45. Bd1 Ra5 46. a4 e4 47. Rh8
Ne6 48. Re8 Rd5+ 49. Ke1 Nc5 50. h3 Rd4 51. Bg4+ Kf6 52. Rc8 Nd3+ 53. Ke2 Rxa4
54. Ke3 Ne5 55. Be2 a5 56. h4 Rb4 57. Rf8+ Ke7 58. Ra8 a4 59. Ra7+ Kd6 60. Kf4
Nc6 61. Ra6 Kd5 62. Bd1 Nd4 63. Bxa4 Ne6+ 64. Ke3 Nc5 65. Rxg6 Nxa4 66. h5 Rb3+
67. Kf2 Nc5 68. h6 Nd3+ 69. Ke2 Ne5 70. Rg7 Rb2+ 71. Ke3 Nc4+ 72. Kf4 Rh2 73.
Rd7+ Ke6 74. Rd4 Nd6 75. Kg5 Rxh6 76. Kf4 Rf6+ 77. Kg4 Ke5 78. Rd1 Rg6+ 79. Kh3
Nf5 80. g4 Ne3 0-1

[Event "Reykjavik Open 2024"]
[Site "Reykjavik ISL"]
[Date "2024.03.16"]
[Round "2.86"]
[White "Cherukuri, Nitesh"]
[Black "Vollmar, Timo"]
[Result "1/2-1/2"]
[WhiteElo "2000"]
[BlackElo "1809"]
[WhiteFideId "30978688"]
[BlackFideId "16253582"]
[EventDate "2024.03.15"]

1. e4 e5 2. Nf3 Nc6 3. Bc4 Bc5 4. c3 Nf6 5. d3 O-O 6. O-O d5 7. exd5 Nxd5 8. a4
a5 9. Nbd2 Bf5 10. Ne4 Be7 11. Re1 Nb6 12. Bb5 f6 13. Be3 Bxe4 14. dxe4 Qxd1 15.
Raxd1 Rad8 16. Nd2 Na7 17. Bc4+ Nxc4 18. Nxc4 Nc6 19. Rd5 b6 20. Red1 Rxd5 21.
exd5 Rd8 22. f4 exf4 23. Bxf4 Bc5+ 24. Kh1 Ne7 25. Bxc7 Rxd5 26. Rb1 Nc8 27. h3
Rd7 28. Bg3 Rd3 29. Bb8 Nd6 30. Bxd6 Bxd6 31. Nxb6 Bc7 32. Nc4 Kf7 33. Re1 Bg3
34. Rc1 Bf4 35. Rf1 Bc7 36. Kg1 Ke6 37. Rf3 Rd1+ 38. Kf2 Ra1 39. Re3+ Kd5 40. b3
Rb1 41. Re7 Be5 42. Nxe5 fxe5 43. Rb7 Ke4 44. Rb5 Rb2+ 45. Kg3 Rc2 46. Rc5 h5
47. b4 h4+ 48. Kh2 axb4 49. cxb4 Rb2 50. Rb5 Kd4 51. a5 Ra2 52. Rb8 e4 53. b5
Rxa5 54. b6 Rb5 55. b7 Ke3 56. Kg1 Rb1+ 57. Kh2 Rb3 58. Kg1 Rb2 59. Kh2 Rb1 60.
g4 Rb2+ 61. Kg1 g5 62. Kh1 Rb1+ 1/2-1/2

[Event "Reykjavik Open 2024"]
[Site "Reykjavik ISL"]
[Date "2024.03.16"]
[Round "2.87"]
[White "Bik, Wouter"]
[Black "Petersen, Elias"]
[Result "1/2-1/2"]
[WhiteElo "1998"]
[BlackElo "1808"]
[WhiteFideId "1037749"]
[BlackFideId "7202725"]
[EventDate "2024.03.15"]

1. g3 Nf6 2. Bg2 d5 3. c4 c6 4. d4 e6 5. Nf3 Be7 6. O-O O-O 7. Nc3 Nbd7 8. Nd2
Re8 9. e4 dxe4 10. Ndxe4 Nxe4 11. Nxe4 Nf6 12. Nc3 c5 13. d5 exd5 14. Nxd5 Nxd5
15. Bxd5 Bd6 16. Qf3 Qc7 17. b3 Rb8 18. Bb2 Be6 19. Rad1 Bxd5 20. Rxd5 Be5 21.
Bxe5 Rxe5 22. Rfd1 Re7 23. Qf5 g6 24. Qf6 Rbe8 25. Kg2 Re6 26. Qf3 Qc6 27. R1d2
b6 28. h4 h5 29. Qd1 Re1 30. Qf3 R1e6 31. Qd3 Re1 32. Kh2 Qe6 33. Rd8 Rxd8 34.
Qxd8+ Kg7 35. Qd3 Qe5 36. Kg2 Kg8 37. Qf3 Qe7 38. Rd5 Kf8 39. Qf4 Kg7 40. Rd2
Qb7+ 41. Rd5 Qe7 42. Qf3 Kh7 43. Qd3 Kg7 44. Rd7 Qf6 45. Rxa7 Qa1 46. Qd5 Qf6
47. Ra6 Qa1 48. Qf3 Rh1 49. Qe4 Rg1+ 50. Kh2 Rf1 51. Kg2 Rg1+ 1/2-1/2

[Event "Reykjavik Open 2024"]
[Site "Reykjavik ISL"]
[Date "2024.03.16"]
[Round "2.88"]
[White "Mercure, Gilbert"]
[Black "Dietzsch, Herbert"]
[Result "0-1"]
[WhiteElo "1804"]
[BlackElo "1998"]
[WhiteFideId "2629585"]
[BlackFideId "4608364"]
[EventDate "2024.03.15"]

1. e4 c5 2. b4 cxb4 3. a3 e6 4. axb4 Bxb4 5. c3 Be7 6. d4 d6 7. Bd3 e5 8. Ne2
Nf6 9. O-O O-O 10. f4 d5 11. fxe5 Nxe4 12. Be3 f6 13. exf6 Nxf6 14. Nd2 Ng4 15.
Rxf8+ Qxf8 16. Bf4 Bd6 17. Qf1 Nc6 18. Qf3 Nf6 19. h3 Be6 20. c4 dxc4 21. Bxc4
Bxc4 22. Nxc4 Bxf4 23. Nxf4 Qb4 24. Qd3 b5 25. Nb6 Rb8 26. Nbd5 Nxd5 27. Nxd5
Qxd4+ 28. Qxd4 Nxd4 29. Rxa7 b4 30. Ra4 Nc2 31. Ne7+ Kf7 32. Nc6 Rb6 33. Ne5+
Ke6 34. Nc4 Rb7 35. Ra5 b3 36. Nb2 Nd4 37. Kf2 Nc6 38. Ra6 Kd5 39. Ke3 Re7+ 40.
Kd2 Nd4 41. Ra5+ Ke4 42. Rc5 Rd7 43. Nd3 Nc6 44. Rxc6 Rxd3+ 45. Ke2 Rg3 46. Kf2
Rg6 47. Rc4+ Kd3 48. Rb4 Kc3 49. Rb7 Rc6 50. Rxg7 b2 51. Rb7 Kc2 52. g4 Rc3 53.
Rxb2+ Kxb2 54. h4 Kb3 55. h5 Kc4 56. g5 Kd5 57. Kg2 Ke5 58. g6 hxg6 59. h6 g5 0-1

[Event "Reykjavik Open 2024"]
[Site "Reykjavik ISL"]
[Date "2024.03.16"]
[Round "2.89"]
[White "Skaslien, Ingrid"]
[Black "Omarsson, Josef"]
[Result "0-1"]
[WhiteElo "1996"]
[BlackElo "1803"]
[WhiteFideId "1520660"]
[BlackFideId "2316102"]
[EventDate "2024.03.15"]

1. d4 Nf6 2. c4 g6 3. Nf3 Bg7 4. g3 O-O 5. Bg2 d6 6. O-O Nc6 7. Nc3 a6 8. h3 Rb8
9. e4 b5 10. e5 Ne8 11. cxb5 axb5 12. Ng5 Na5 13. e6 fxe6 14. Re1 b4 15. Na4 Kh8
16. b3 c5 17. Bb2 cxd4 18. Bxd4 Nc7 19. Rc1 Bxd4 20. Qxd4+ e5 21. Qa7 Na6 22.
Rxc8 Qxc8 23. Qxe7 Qc7 24. Qe6 Rbe8 25. Qd5 Rf6 26. Qb5 Ref8 27. Qxa6 Rxf2 28.
Bd5 Rd2 29. Ne6 Qf7 30. Qb6 Rxd5 31. Nxf8 Qxf8 32. Rf1 Qc8 33. Qxb4 Rd3 34. Qh4
Kg8 35. Qg5 Qd7 36. Nb6 Qc7 37. Na4 Qa7+ 38. Kh2 Qc7 39. Rf2 e4 40. Qf6 Qc8 41.
Nb6 Qe8 42. Nd7 e3 43. Qf4 Qe7 44. Re2 Qxd7 45. b4 Qf5 46. Qxf5 gxf5 47. Kg1 Nc4
48. Rc2 Rd1+ 49. Kg2 Rd2+ 0-1